|
|
|
|
| LEADER |
00000nam0a2200000 4500 |
| 001 |
298606 |
| 005 |
20231102001124.0 |
| 020 |
|
|
|a RU
|b 83-61481
|
| 035 |
|
|
|a (RuTPU)RU\TPU\book\323749
|
| 090 |
|
|
|a 298606
|
| 100 |
|
|
|a 20150619d1983 km y0rusy5003 ca
|
| 101 |
0 |
|
|a rus
|
| 102 |
|
|
|a RU
|
| 105 |
|
|
|a a j 001zy
|
| 200 |
1 |
|
|a Основы гидротехники
|e учебное пособие для вузов
|f А. С. Субботин
|
| 210 |
|
|
|a Ленинград
|c Гидрометеоиздат
|d 1983
|
| 215 |
|
|
|a 318 с.
|c ил.
|
| 320 |
|
|
|a Библиогр.: с. 311
|
| 320 |
|
|
|a Предм. указ.: с. 312-315
|
| 606 |
1 |
|
|a Гидротехника
|x В целом
|2 stltpush
|3 (RuTPU)RU\TPU\subj\38666
|9 59039
|
| 610 |
1 |
|
|a учебные пособия
|
| 610 |
1 |
|
|a плотины
|
| 610 |
1 |
|
|a водосборы
|
| 610 |
1 |
|
|a водозаборы
|
| 610 |
1 |
|
|a водоводы
|
| 610 |
1 |
|
|a водная энергия
|
| 610 |
1 |
|
|a использование
|
| 610 |
1 |
|
|a водные пути
|
| 610 |
1 |
|
|a мелиорация
|
| 610 |
1 |
|
|a водоснабжение
|
| 610 |
1 |
|
|a канализация
|
| 610 |
1 |
|
|a гидроузлы
|
| 610 |
1 |
|
|a проектирование
|
| 675 |
|
|
|a 626/628(075.8)
|z rus
|v 3
|
| 700 |
|
1 |
|a Субботин
|b А. С.
|g Александр Сергеевич
|4 070
|
| 801 |
|
0 |
|a RU
|b RuMRKP
|c 19950704
|g psbo
|
| 801 |
|
1 |
|a RU
|b 63413507
|c 20150619
|
| 801 |
|
2 |
|a RU
|b 63413507
|c 20190206
|g RCR
|
| 942 |
|
|
|c BK
|